000
00315nam a2200133Ia 4500
005
20260326100044.0
008
260326s9999||||xx |||||||||||||| ||und||
100
_a
Leiris, Michel
245
0
_a
Joan Miró :
_b
Litógrafo /
_c
Michel Leiris
260
_b
Polígrafa
300
_a
233 p.
650
_a
ARTE
942
_c
BK
999
_c
7113
_d
7113